Score 0/43 Timer 03:00
0 Plays Today
Hint Answer % Correct
God of all gods.Zeus
95.8%
Goddess of love and lust.Aphrodite
88%
God of war.Ares
86.6%
Goddess of war and wisdom.Athena
85.4%
God of the sea, wind, and horses.Poseidon
82%
God of music and poetry.Apollo
81%
God of the underworld.Hades
81%
Goddess of marriage.Hera
80.6%
Goddess of agriculture.Demeter
77.7%
Goddess of the hunt.Artemis
75.2%
God of wine.Dionysus
72.9%
God of flight.Hermes
69.5%
Goddess of the home.Hestia
66.2%
God of love.Eros
51%
Goddess of victory.Nike
51%
God of the forge.Hephaestus
48.2%
Goddess of the rainbow.Iris
47.2%
God of the sun.Helios
41.2%
God of time.Cronus
39%
Goddess of magic.Hecate
36.1%
Goddess of night.Nyx
35.8%
Goddess of the moon.Selene
35.6%
Hint Answer % Correct
Goddess of dawn.Eos
31.1%
Goddess of fertility.Rhea
30.8%
God of the universe.Uranus
30.5%
Goddess of vengeance. Nemesis
29.9%
God of the dead.Thanatos
28.7%
God of salt water.Oceanus
28%
God of the north wind.Boreas
27.7%
Goddess of intellect.Phoebe
25.6%
God of light.Hyperion
24.7%
Goddess of divine law and order.Themis
22.6%
Goddess of memory.Mnemosyne
22.5%
Goddess of sight, gold, silver, and gems.Theia
22.1%
God of intelligence.Koios
21.9%
Goddess of snow.Khione
21.4%
Goddess of Subterranean forces.Tethys
19.2%
God of strength. Kratos
18.9%
Goddess of the stars.Astraea
18.3%
God of leadership.Kreios
16.4%
Goddess of the sunset.Hesperides
15.6%
Goddess of heavy rain.Eudora
15.5%
God of mortal lifespan.Lapetos
15%
Remove Ads.
Support Sporcle.
Get the best of Sporcle when you Go Orange. This ad-free experience offers more features, more stats, and more fun while also helping to support Sporcle. Thank you for becoming a member.

You're not logged in!

Compare scores with friends on all Sporcle quizzes.
OR
Log In

Sporcle TV

Today on Sporcle TV


Watch our educational content, quiz creation guides, and fun videos on Sporcle TV.

Show Comments

Extras

Created Sep 5, 2013ReportNominate
Tags:Mythology Quiz, god, goddess, Greek

Top Quizzes Today


Score Distribution

Paid Content

Your Account Isn't Verified!

In order to create a playlist on Sporcle, you need to verify the email address you used during registration. Go to your Sporcle Settings to finish the process.

Report this User

Report this user for behavior that violates our Community Guidelines.

Details: